Дело об утверждении в должности управляющего Театральным училищем господина коллежского асессора Обера

Доступно только в Электронных читальных залах Найти на картеНа карте
RUSMARC
00003737nmc2a22000003x 450
00139e7be65-1a1f-4c9d-ab52-933526e6793d
00520181224234710.0
100##$a20170623l18451845k l0rusy0189 ca
1010#$arus
102##$aRU
2001#$aДело об утверждении в должности управляющего Театральным училищем господина коллежского асессора Обера
$j30 августа 1845 г.
251##$cДело
300##$aПо Санкт-Петербургской дирекции за 1845 год
300##$aДело
801#0$aRU
$bРГИА
$c20170623
$gRCR
801#1$aRU
$bГлавНИВЦ
$c20170623
$2rusmarc
801#2$aRU
$bПБ им. Б.Н. Ельцина
$c20181224
$gRCR
$2rusmarc
850##$aРГИА
852##$aРГИА
$eФедеральное казенное учреждение "Российский государственный исторический архив" (РГИА)
$j10287
937##$hРГИА
$d12245881
$aASBIBLIO_SCAN
462#0$1001dd3991dc-24e1-42ec-8838-ca4255420416
$12001
$a1746-1850 гг.
$1251
$cОпись
$1852
$j1
461#0$10019264ebf8-de62-4f1a-9eb4-9f22098dbbd5
$12001
$aДирекция императорских театров МИДв
$1251
$cФонд
$1852
$j497
215##$a3 л.
$d36,5х26 см
371##$aДокумент не является опубликованным и широко распространяемым
105##$ay###
1220#$ad
035##$a39e7be65-1a1f-4c9d-ab52-933526e6793d
856##$uhttp://readingroom.main.prlib.ru/item.aspx?id_node=n122296786&mode=full
Формат отображения